Match the Horror Villain to Franchise - Statistics

General Stats
  • This quiz has been taken 102 times
  • The average score is 13 of 14
Answer Stats
Hint Answer % Correct
99%
97%
97%
96%
94%
94%
93%
93%
93%
91%
90%
90%
89%
87%
No matching quizzes found
Score Distribution
Percent of People with Each Score
Percentile by Number Answered
Your Score History
You have not taken this quiz